000
00282nam a2200097Ia 4500
001
1227326
005
20250827093021.0
008
250824s9999 xx 000 0 und d
245
0
_a
KAHRAMANLAR ÇANAKKALE´DE
_c
AHMET HALDUN TERZİOĞLU
260
_b
PANAMA YAYINLARI
999
_c
1227326
_d
1227326